000 00760nam a2200241 i 4500
001 114871
003 ES-MaACL
007 t|
008 070205s1952 ag ||||1| spa d
080 _a616.2-07
080 _a616.2-071
100 1 _aMartínez, Francisco.
_977741
245 1 0 _aSemiología del aparato respiratorio /
_cpor los doctores Francisco Martínez, Isaac Berconsky.
250 _a5ª ed., 2ª reimp.
260 _aBuenos Aires :
_bEl Ateneo,
_c1952.
300 _a326 p. :
_bil. ;
_c23 cm.
490 1 _aBiblioteca de semiología ;
_v3
504 _aBibliografía: p. [312]-314. Indice.
700 1 _aBerconsky, Isaac.
_927854
830 0 _aBiblioteca de semiología ;
_v3
_9185784
852 _aES-MaACL
_jE-4624
999 _c114871
_d114871